Responses for Show #5956 - Monday, July 5, 2010

2010 Kids Week game 1.

Contestants

[<< previous game]

Kyle Ziemnick, an eleven-year-old from Purcellville, Virginia

Surabhi Iyer, a ten-year-old from Franklin, Massachusetts

John Farley, an eleven-year-old from Marietta, Georgia

[next game >>]

Jeopardy! Round responses

U.S. STATES
HOLIDAYS & OBSERVANCES
BIG APPLE CIRCUS
THE ORCHESTRA
ANIMATED FILMS
RATED "G"
    $200 11
Arkansas

Kyle
    $200 16
(Surabhi: What is Memorial Day?)
...
(Alex: It's earlier in May, it's [*]. [*]. That's why we said "don't forget it".)

Mother's Day

Surabhi
Triple Stumper
    $200 23
a poodle

Surabhi
    $200 21
(Alex: [*] is right, with a minute to go.)

brass

Surabhi
    $200 1
The Princess and the Frog

Surabhi
    $200 6
gas (laughing gas accepted)

John
    $400 12
(Surabhi: What is Texas?)

Alaska

SurabhiKyle
    $400 17
Halloween

Kyle
    $400 27
[The end-of-round signal sounds.]

Roman

Surabhi
    $400 22
violins

Kyle
    $400 2
Up

Surabhi
    $400 7
the governor

John
    $600 13
Florida

Kyle
    $600 18
Arbor Day

Surabhi
    $600 24
conducting

Surabhi
    $600 3
Madagascar

Surabhi
    $600 8
Goldilocks

Kyle
    $800 14
Wyoming

Surabhi
    $1,000 19
(Surabhi: What is... I don't know.)
(Alex: Oh, what did Betsy Ross do that's famous?)
(Surabhi: What is [*]?)
(Alex: Yeah, [*]. That would've been the correct response.)

Flag Day

Surabhi
    $800 25
(Surabhi: What is a clarinet?)

bassoon

Surabhi
Triple Stumper
    $800 4
(Kyle: What is Underdog?)

Bolt

SurabhiKyle
    $800 9
the Grand Canyon

John
    $1000 15
Ohio

Kyle
    $1000 20
Kwanzaa

Surabhi
    $1000 26
percussion

Kyle
    $1000 5
[Applause for Surabhi's run of the category]
(Alex: You have attended a lot of animated movies! And it's paid off--$3,000 for you.)

Monsters vs. Aliens

Surabhi
    $1000 10
(Surabhi: What is germy?)
(Kyle: What is grimy?)
...
(Alex: The "G" we're looking for was [*]--that's why we put in the larvae part.)

grubby

SurabhiKyle
Triple Stumper

Scores at the first commercial break (after clue 15):

John Surabhi Kyle
$1,400 $2,400 $1,000

Scores at the end of the Jeopardy! Round:

John Surabhi Kyle
$1,400 $3,400 $2,800

Double Jeopardy! Round responses

GEORGE WASHINGTON
(Alex: Yes, in honor of Independence Day.)
TELL US OF TELEVISION
PEOPLE FROM PENNSYLVANIA
TAKE YOUR MEDICINE
MOUNTAINS
7-LETTER WORDS
    $400 12
two

Surabhi
    $400 1
Deal or No Deal

Surabhi
    $400 19
Joe Biden

John
    $400 24
(John: What is the nose?)

the eye

JohnKyle
    $400 2
Mt. Everest

Kyle
    $400 6
an ostrich

Kyle
    $800 13
Mount Vernon

Kyle
    $800 17
Chowder

Surabhi
    $800 20
Will Smith

Surabhi
    $800 25
(Alex: Correct, with less than a minute to go.)

alcohol

Surabhi
    $3,200 3
(Alex: [*], and you took no time at all. You knew that. Way to go.)

Switzerland

Kyle
    $800 7
tuition

John
    $1200 14
the eighteenth century

Surabhi
    $1200 18
Heroes

Triple Stumper
    $2,000 21
(Milton) Hershey

Surabhi
    $1200 26
your lungs

Surabhi
    $1200 4
Pike's Peak

Kyle
    $1200 8
proudly

John
    $1600 15
(Surabhi: What is a cartographer?)

a surveyor

SurabhiKyle
    $1600 29
Chum Chum

John
    $1600 22
Louisa May Alcott

Surabhi
    $1600 27
Tylenol

Kyle
    $1600 5
Mt. Fuji

John
    $1600 9
wrinkle

Kyle
    $2000 16
New York City

Kyle
    $2000 30
Dirty Jobs

John
    $2000 23
Mr. Rogers

Surabhi
    $2000 28
nasal spray

John
    $2000 11
Mt. Sinai

Kyle
    $2000 10
a rhombus

Surabhi

Scores at the end of the Double Jeopardy! Round:

John Surabhi Kyle
$10,600 $15,000 $18,000

[wagering suggestions for these scores]

Final Jeopardy! Round responses

THE ANIMAL WORLD
JohnWhat is a zebra
$9,500
SurabhiWhat is a koala?
$8,001
KyleWhat are platypuses platypuses?
$12,001
koala

Final scores:

John Surabhi Kyle
$1,100 $23,001 $5,999
3rd place: $1,000 Winner: $23,001 + a family vacation to Arctic Norway 2nd place: $2,000

Game dynamics:

Coryat scores:

John Surabhi Kyle
$10,600 $15,200 $15,600
10 R,
1 W
23 R
(including 1 DD),
6 W
(including 1 DD)
19 R
(including 1 DD),
2 W

Combined Coryat: $41,400

[game clues] [game scores] [suggest correction]

Game tape date: 2010-03-08
The J! Archive is created by fans, for fans. Scraping, republication, monetization, and malicious use prohibited; this site may use cookies and collect identifying information. See terms. The Jeopardy! game show and all elements thereof, including but not limited to copyright and trademark thereto, are the property of Jeopardy Productions, Inc. and are protected under law. This website is not affiliated with, sponsored by, or operated by Jeopardy Productions, Inc. Join the discussion at JBoard.tv.